Zadači i upražnenija po funkcionaľnomu analizu

Salvato in:
Dettagli Bibliografici
Autori principali: Antonevič, A.B (Autore), Knjazev, P.N (Autore), Radyno, Ja.V (Autore)
Natura: Libro
Lingua:russo
Pubblicazione: Moskva : Nauka, 1978
Tags: Aggiungi Tag
Nessun Tag, puoi essere il primo ad aggiungerne!!

MARC

LEADER 00000nam a22000003a 4500
001 stu199461
005 20150617230034.3
008 100205s1984------------------------rus-d
040 |a STU  |b slo 
041 0 |a rus 
080 |a 517.5/076/  |7 stu_us_auth*stu20459 
100 1 |a Antonevič, A.B.  |4 aut 
245 1 |a Zadači i upražnenija po funkcionaľnomu analizu 
260 |a Moskva :  |b Nauka,  |c 1978 
300 |a 204 s 
700 1 |a Knjazev, P.N.  |4 aut 
700 1 |a Radyno, Ja.V.  |4 aut 
996 |b E42865  |c E*42865  |l EE03  |s P  |a 0  |w stu199461_0001